Christ in session (Record no. 18176)

000 -LEADER
fixed length control field 00559nam a22002057a 4500
003 - CONTROL NUMBER IDENTIFIER
control field OkBaRHE
005 - DATE AND TIME OF LATEST TRANSACTION
control field 20120329142546.0
008 - FIXED-LENGTH DATA ELEMENTS--GENERAL INFORMATION
fixed length control field 120329t xxu||||| |||| 00| 0 eng d
040 ## - CATALOGING SOURCE
Transcribing agency OkBaRHE
050 ## - LIBRARY OF CONGRESS CALL NUMBER
Classification number BV 600.5
Item number .M86
100 ## - MAIN ENTRY--PERSONAL NAME
Personal name Mumford, Bob
9 (RLIN) 2274
245 ## - TITLE STATEMENT
Title Christ in session
Remainder of title an introduction to the body of Christ.
260 ## - PUBLICATION, DISTRIBUTION, ETC. (IMPRINT)
Place of publication, distribution, etc Ft. Lauderdale, FL.
Name of publisher, distributor, etc Bob Mumford
Date of publication, distribution, etc 1973
300 ## - PHYSICAL DESCRIPTION
Extent 94 p.
630 ## - SUBJECT ADDED ENTRY--UNIFORM TITLE
Uniform title Jesus Christ
9 (RLIN) 2275
630 ## - SUBJECT ADDED ENTRY--UNIFORM TITLE
Uniform title Mystical Body
9 (RLIN) 2276
630 ## - SUBJECT ADDED ENTRY--UNIFORM TITLE
Uniform title Christian Life
9 (RLIN) 1136
630 ## - SUBJECT ADDED ENTRY--UNIFORM TITLE
Uniform title Church
9 (RLIN) 2277
942 ## - ADDED ENTRY ELEMENTS (KOHA)
Source of classification or shelving scheme
Koha item type Books
Copies
Copy number Date acquired Not for loan Shelving location Withdrawn status Koha item type Current Location Permanent Location Date last seen Full call number Lost status Damaged status Barcode Price effective from Source of classification or shelving scheme
12012-03-29 General Stacks BooksRHEMA Bible Training CollegeRHEMA Bible Training College2012-03-29BV 600.5 .M86  225122012-03-29